000
00274nam a2200121Ia 4500
008
190216s9999||||xx |||||||||||||| ||und||
100
_a
Irving Kaplan
245
0
_a
Nuclear Physics
260
_b
Narosa Pubs House
_c
1998
300
_a
770p
650
_a
Physics
942
_c
BK
999
_c
32837
_d
32837